Protocells and the origin of life. / (Record no. 758880)

MARC details
000 -LEADER
fixed length control field 00796nam a22002537a 4500
003 - CONTROL NUMBER IDENTIFIER
control field OSt
005 - DATE AND TIME OF LATEST TRANSACTION
control field 20260422123635.0
008 - FIXED-LENGTH DATA ELEMENTS--GENERAL INFORMATION
fixed length control field 260422b |||||||| |||| 00| 0 eng d
020 ## - INTERNATIONAL STANDARD BOOK NUMBER
International Standard Book Number 9783031917622
040 ## - CATALOGING SOURCE
Transcribing agency kul
082 ## - DEWEY DECIMAL CLASSIFICATION NUMBER
Classification number 576.8
Item number SER.P
084 ## - OTHER CLASSIFICATION NUMBER
Source of Number Colon Classification
100 ## - MAIN ENTRY--PERSONAL NAME
Personal name Serra, Roberto and Villani, Marco
9 (RLIN) 13608
245 ## - TITLE STATEMENT
Title Protocells and the origin of life. /
Statement of responsibility, etc. Roberto Serra and Marco Villani.
260 ## - PUBLICATION, DISTRIBUTION, ETC.
Place of publication, distribution, etc. Switzerland :
Name of publisher, distributor, etc. Springer ,
Date of publication, distribution, etc. 2025 .
300 ## - PHYSICAL DESCRIPTION
Extent xv, 203 p.
440 ## - SERIES STATEMENT/ADDED ENTRY--TITLE
Title The frontier collection.
9 (RLIN) 13609
504 ## - BIBLIOGRAPHY, ETC. NOTE
Bibliography, etc. note includes bibliographical references and index. (p.198-203).
650 ## - SUBJECT ADDED ENTRY--TOPICAL TERM
Topical term or geographic name entry element Origin of life.
9 (RLIN) 13610
650 ## - SUBJECT ADDED ENTRY--TOPICAL TERM
Topical term or geographic name entry element Protocells.
9 (RLIN) 13611
650 ## - SUBJECT ADDED ENTRY--TOPICAL TERM
Topical term or geographic name entry element Molecular evolution.
9 (RLIN) 13604
650 ## - SUBJECT ADDED ENTRY--TOPICAL TERM
Topical term or geographic name entry element Biochemistry.
9 (RLIN) 13606
942 ## - ADDED ENTRY ELEMENTS (KOHA)
Source of classification or shelving scheme Dewey Decimal Classification
Koha item type Book
Holdings
Withdrawn status Lost status Source of classification or shelving scheme Damaged status Not for loan Collection code Home library Current library Shelving location Date acquired Total Checkouts Full call number Barcode Date last seen Price effective from Koha item type
    Dewey Decimal Classification     Non-fiction Campus Library Kariavattom Campus Library Kariavattom General Stacks 22/04/2026   576.8 SER.P UCL35780 22/04/2026 22/04/2026 Book